00504 2200193 4500001002100000005001500021007000300036008004100039020002000080035002000100082000800120084001400128100001700142245005700159260004600216300001600262650001700278856001500295INLIS00000000000818320260409113030ta260409 0 ind  a97623-365-039-7 a0010-0426000003 a300 a300 MEN b0 aMenrisal,dkk1 aBuku Ajar Konsep Teknologi Informasi /cMenrisal,dkk aSurabaya :bScopindo Media Pustaka,c2021 a142 ;c24cm 4aPEMBELAJARAN aMATEMATIKA